Fisiología del ejercicio

Saved in:
書目詳細資料
主要作者: Jokl, Ernst (Author)
企業作者: Delegación Nacional de Educación Física y Deportes (Author)
格式: 圖書
語言:西班牙语
出版: Madrid Instituto Nacional de Educación Física 1973
叢編:Ciencia deporte, 2
主題:
標簽: 添加標簽
沒有標簽, 成為第一個標記此記錄!

MARC

LEADER 00000nam a2200000 a 4500
001 UCZ0128
003 CL-VaPUC
008 950724e19730000SP |||||||||||||||||spa|d
082 0 4 |a 612.044  |b JOK  |2 21 
100 0 |a Jokl, Ernst  |e author  |9 342755 
110 2 |a Delegación Nacional de Educación Física y Deportes  |e author  |9 342756 
245 1 0 |a Fisiología del ejercicio 
300 |a 119 p 
942 |c BK 
945 |d 19950724 00:00:00  |a lriquelm 
260 |a Madrid  |b Instituto Nacional de Educación Física  |c 1973 
650 0 |a Medicina deportiva  |9 307562 
650 7 |a FISIOLOGIA  |2 CL-VaPUC  |9 342757 
650 7 |a EJERCICIO  |2 CL-VaPUC  |9 310040 
650 0 |a Nutrición   |9 259434 
650 0 |a Herencia  |9 256325 
650 7 |a DEPORTISTAS  |2 CL-VaPUC  |9 342758 
650 0 |a Aptitud  |9 335650 
650 7 |a CRECIMIENTO  |2 CL-VaPUC  |9 342760 
650 7 |a ENVEJECIMIENTO  |2 CL-VaPUC  |9 342761 
650 7 |a OBESIDAD  |2 CL-VaPUC  |9 334444 
650 0 |a Drogas  |9 254877 
650 0 |a Natación  |9 307454 
583 |a last modification  |c 19950724 00:00:00  |k Rodrigo Vera 
490 0 |a Ciencia deporte, 2 
999 |c 237095  |d 237093 
952 |0 0  |1 0  |4 0  |6 612_044000000000000_JOK_1973  |7 0  |8 P  |9 245870  |a BIBEDU  |b BIBEDU  |c BIBEDU_PB  |d 2019-11-18  |i 1541730  |o 612.044 JOK 1973  |p 1541730  |r 2024-01-25  |w 2019-11-18  |y BK  |k EDU